| 000 | 00817cam a2200205 i 4500 | ||
|---|---|---|---|
| 005 | 20260121102715.0 | ||
| 008 | 250721s2017 ua gr 000 0 ara d | ||
| 020 | _a9789777612074 | ||
| 082 | 1 | 4 |
_a341.52 _bع ب د |
| 100 | 1 |
_aعبد العظيم، أبو الخير _eمؤلف. |
|
| 245 | 1 | 2 |
_aالوساطة في تسوية المنازعات : _bبديل عملي للتغلب على مشكلات التقاضي / _cدكتور أبو الخير عبد العظيم. |
| 250 | _aالطبعة الأولى. | ||
| 264 | 3 | 1 |
_aالقاهرة : _bالمركز القومي للإصدارات القانونية، _c2017. |
| 300 | _a574 صفحة. | ||
| 650 | 1 | 7 | _aالقانون. |
| 650 | 1 | 7 | _aالوساطة. |
| 650 | 1 | 7 | _aتسوية النزاعات. |
| 942 |
_2ddc _cBK |
||
| 999 |
_c141147 _d141147 |
||